Nfl Top 100 Players Of 2017 - Statistics

General Stats
  • This quiz has been taken 2,243 times
  • The average score is 33 of 100
Answer Stats
Hint Pos Answer % Correct
1 QB Tom Brady
99%
4 WR Antonio Brown
81%
3 WR Julio Jones
81%
85 LB Chandler Jones
78%
6 QB Aaron Rodgers
77%
2 LB Von Miller
69%
16 QB Drew Brees
64%
81 QB Alex Smith
62%
18 OT Tyron Smith
62%
74 S Harrison Smith
61%
10 QB Matt Ryan
60%
30 S Earl Thomas
59%
25 OT Joe Thomas
58%
9 RB Le'veon Bell
58%
23 TE Rob Gronkowski
58%
35 DE J.J. Watt
57%
8 WR Odell Beckham JR
57%
44 QB Cam Newton
55%
12 RB David Johnson
55%
24 QB Russell Wilson
55%
5 LB Khalil Mack
53%
32 CB Marcus Peters
53%
21 CB Richard Sherman
49%
15 DT Aaron Donald
48%
22 QB Ben Roethlisberger
48%
98 RB Adrian Peterson
47%
14 QB Dak Prescott
47%
20 LB Luke Kuechly
47%
19 CB Patrick Peterson
47%
73 QB Philip Rivers
46%
26 TE Travis Kelce
46%
7 RB Ezekiel Elliott
44%
17 WR A.J. Green
42%
11 QB Derek Carr
41%
31 QB Matthew Stafford
41%
51 QB Andrew Luck
37%
39 LB Bobby Wagner
36%
70 QB Kirk Cousins
36%
27 RB Lesean Mccoy
36%
52 DT Gerald Mccoy
35%
34 S Kam Chancellor
34%
71 WR Julian Edelman
33%
36 WR Tyreek Hill
33%
60 WR Dez Bryant
32%
57 QB Jameis Winston
32%
48 WR Jordy Nelson
32%
45 WR Larry Fitzgerald
31%
50 QB Marcus Mariota
30%
63 CB Chris Harris JR
29%
29 WR Mike Evans
29%
47 OT Trent Williams
29%
58 G Zack Martin
29%
41 RB Devonta Freeman
27%
55 DT Ndamukong Suh
27%
33 RB DeMarco Murray
26%
13 S Eric Berry
26%
53 WR Amari Cooper
25%
37 CB Aqib Talib
25%
93 DE Brandon Graham
25%
42 WR Jarvis Landry
25%
89 LB Thomas Davis
24%
82 LB Clay Matthews
22%
88 WR Doug Baldwin
21%
100 DE Joey Bosa
20%
59 CB Josh Norman
20%
61 WR T.Y. Hilton
20%
38 DT Fletcher Cox
19%
49 DE Jadevon Clowney
19%
67 TE Greg Olsen
18%
65 TE Jordan Reed
18%
43 G Marshal Yanda
17%
68 DT Geno Atkins
16%
69 RB Jay Ajayi
16%
28 S Landon Collins
16%
80 RB Legarette Blount
16%
83 DE Calais Campbell
15%
99 CB Malcolm Butler
15%
46 DE Michael Bennett
15%
96 DT Damon Harrison
14%
94 LB Dont'a Hightower
14%
76 LB Justin Houston
14%
79 LB Sean Lee
14%
75 TE Delanie Walker
13%
54 CB Janoris Jenkins
13%
90 S Malcolm Jenkins
13%
40 LB Vic Beasley
12%
66 CB Xavier Rhodes
12%
62 DE Cameron Wake
11%
87 C Travis Frederick
11%
64 CB Casey Hayward
9%
97 G David Decastro
8%
92 DE Everson Griffen
8%
77 S Ha Ha Clinton-Dix
8%
91 LB Lorenzo Alexander
8%
56 DE Cliff Avril
7%
84 DT Mike Daniels
7%
72 OT Taylor Lewan
6%
86 DT Jurrell Casey
5%
95 G Kelechi Osemele
5%
78 LB Brian Orakpo
4%
No matching quizzes found
Score Distribution
Percent of People with Each Score
Percentile by Number Answered
Your Score History
You have not taken this quiz